| 000 | 00635nam a22002172 4500 | ||
|---|---|---|---|
| 001 | 0000023689 | ||
| 005 | 20151217145943.0 | ||
| 008 | 130318s xx 000 0 eng d | ||
| 020 | _a8121925592 : | ||
| 040 |
_aKABU _cKABU |
||
| 100 | 1 |
_aDubey, R. C. _@0000183335 |
|
| 245 | 1 | 2 |
_aA Textbook of microbiology / _cR. C. Dubey, D. K. Maheshwari. |
| 250 | _aRev. ed. | ||
| 260 |
_aNew Delhi : _bS. Chand, _c2005. |
||
| 300 | _axvi, 1034 p. | ||
| 650 | 0 |
_aMicrobiology. _@0000155702 |
|
| 700 | 1 |
_aMaheshwari, D. K. _@0000183336 |
|
| 852 | 1 | _9p2100 KES | |
| 908 | _a130318 | ||
| 950 | _@1 | ||
| 999 |
_c4411 _d4411 |
||